000
00272nam a22000977a 4500
999
_c
11275
_d
11275
008
190114b ||||| |||| 00| 0 eng d
020
_a
9788122313130
100
_a
Doyle Conan Arthur
_9
7020
245
_a
Sherlock Holmes (Collection-2)
260
_a
New Delhi
_b
Pustak Mahal
_c
2018